LEADER 00912nam0-22003131i-450- 001 990003120670403321 035 $a000312067 035 $aFED01000312067 035 $a(Aleph)000312067FED01 035 $a000312067 100 $a20000920d1980----km-y0itay50------ba 101 0 $aita 102 $aIT 200 1 $aLotte per il disarmo e riconversione dell'industria bellica$f[di Alberto Tridente...et al.]. 210 $aRoma$cNuove edizioni operaie$d1980. 215 $a127 p.$d19 cm 225 1 $aQuaderni Sapere$v41 610 0 $aIndustria bellica$aRiconversione 676 $aH/2.228 676 $aN/1.6 702 1$aTridente,$bAlberto 801 0$aIT$bUNINA$gRICA$2UNIMARC 901 $aBK 912 $a990003120670403321 952 $aH/2.228 LOT$b12485/I$fSES 959 $aSES 996 $aLotte per il disarmo e riconversione dell'industria bellica$9461567 997 $aUNINA DB $aING01 LEADER 01166nam a2200313 i 4500 001 991001866259707536 008 060503s2006 ne b 001 0 eng d 020 $a0444527621 (hbk.) 024 3 $a9780444527622 035 $ab13439807-39ule_inst 040 $aDip.to Matematica$beng 082 0 $a517.352 084 $aAMS 26D10 084 $aLC QA1.N833 100 1 $aPachpatte, B. G.$058358 245 10$aIntegral and finite difference inequalities and applications /$cB.G. Pachpatte 260 $aAmsterdam :$bElsevier,$c2006 300 $ax, 309 p. ;$c25 cm 440 0$aNorth-Holland mathematics studies,$x0304-0208 ;$v205 504 $aIncludes bibliographical references and index 650 0$aDifferential inequalities 650 0$aIntegral inequalities 650 0$aFinite differences 907 $a.b13439807$b19-10-06$c03-10-06 912 $a991001866259707536 945 $aLE013 26D PAC12 (2006)$g1$i2013000203652$lle013$op$pE117.80$q-$rl$s- $t0$u0$v0$w0$x0$y.i14304661$z19-10-06 996 $aIntegral and finite difference inequalities and applications$9729022 997 $aUNISALENTO 998 $ale013$b03-10-06$cm$da $e-$feng$gne $h0$i0